Hotely v roku 2011
Obsadenosť hotelov za prvý polrok v r. 2010 klesla. Niektoré ubytovacie zariadenia na hranici prežitia. Zložité obdobie v hotelierstve. Slovensko v hoteloch predimenzované. Ponuka svetoznámych značiek - Sheraton, Kempinski. Boj o klienta. Nové projekty. Značka Slovensko je slabá. Slabá aktivita štát...
Uložené v:
| Hlavný autor: | |
|---|---|
| Médium: | Kapitola |
| Jazyk: | Slovak |
| Predmet: | |
| Tagy: |
Žiadne tagy, Buďte prvý, kto otaguje tento záznam!
|
MARC
| LEADER | 00000naa a2200000 4500 | ||
|---|---|---|---|
| 001 | 0126340 | ||
| 005 | 20230918131106.7 | ||
| 041 | 0 | |a slo | |
| 044 | |a SK | ||
| 245 | 1 | 0 | |a Hotely v roku 2011 |c Martina Jurinová |
| 520 | |a Obsadenosť hotelov za prvý polrok v r. 2010 klesla. Niektoré ubytovacie zariadenia na hranici prežitia. Zložité obdobie v hotelierstve. Slovensko v hoteloch predimenzované. Ponuka svetoznámych značiek - Sheraton, Kempinski. Boj o klienta. Nové projekty. Značka Slovensko je slabá. Slabá aktivita štátu v propagovaní Slovenska ako turistickej destinácie. Turisti vo vybraných krajinách Európy v r. 2009. | ||
| 610 | 2 | 0 | |a hotelierstvo |
| 610 | 2 | 0 | |a hotely |
| 610 | 2 | 0 | |a zariadenia ubytovacie |
| 610 | 2 | 0 | |a značky kvality |
| 610 | 2 | 0 | |a klienti |
| 610 | 2 | 0 | |a ruch cestovný |
| 610 | 2 | 0 | |a Slovensko |
| 100 | 1 | |a Jurinová, Martina | |